| 000 | 00516nam a2200193Ia 4500 | ||
|---|---|---|---|
| 003 | OSt | ||
| 005 | 20241210111329.0 | ||
| 008 | 210716s1958 xx 000 0 und d | ||
| 040 | _cAIMIT LIBRARY | ||
| 041 | _aeng | ||
| 082 |
_a808.83 _21 _bGADP |
||
| 100 |
_aGaddis, Peggy. _9189379 |
||
| 245 |
_aLove is enough / _cBy Peggy Gaddis. |
||
| 250 | _a1st ed. | ||
| 260 |
_aNew York : _bBelmont Books ; _c1958. |
||
| 300 |
_a156p. ; _bPB _c18 cm. |
||
| 650 |
_aNovels _9189380 |
||
| 942 |
_2ddc _cBK _e1st ed. _k808.83 GADP |
||
| 999 |
_c199966 _d199966 |
||